000 00400pab a2200145 454500
008 180718b1985 xxu||||| |||| 00| 0 eng d
100 _aTimmins, William M.
245 _aConflicating roles in personnel boards
_bAdjudication vs. policy making
260 _c1985
300 _a191-204
362 _aSummer
650 _aCivil Service - U.S.A.
773 _aPublic Personnel Management
909 _a5866
999 _c5866
_d5866